000 00675nam a2200217 4500
003 LK-CoMWRAF
005 20230818201706.0
008 230818b2009 |||||||| |||| 00| 0 eng d
020 _a9789832622260
040 _aLK-CoMWRAF
_dLK-CoMWRAF
_eLK-CoMWRAF
041 _aeng
082 _a346.015
_bWAN
245 _aWanted
_b:equality and justice in the Muslim family 
260 _aSelangor
_bMusawah
_c2009
300 _avi, 261 p. 23cm
_bBibliography included.
650 _a Muslim families-Legal status, laws,  
650 _aWomen's rights -Religious aspects -Islam
650 _aDomestic relations (Islamic law)
700 _aZainah Anwar
_eed.
942 _n0
_cBK
999 _c3216
_d3216